[Event "Match"]
[Site "www.echecsemail.com"]
[Date "2015.09.19"]
[Round "1"]
[White "Bojan"]
[Black "Pinehill"]
[WhiteElo "1950"]
[BlackElo "1970"]
[Result "0-1"]
[Round "1"]
1.e4 d5
2.exd5 Ng8f6
3.c4 e6
4.dxe6 Bc8xe6
5.d4 Bf8b4
6.Nb1c3 Nf6e4
7.Ng1e2 Be6xc4
8.Qd1a4 Nb8c6
9.Bc1d2 Bc4xe2
10.Nc3xe4 Bb4xd2
11.Ne4xd2 Be2xf1
12.Rh1xf1 Qd8e7
13.Kd1 O-O-O
14.Rf1e1 Qe7d6
15.Nd2f3 Nc6xd4
16.Nf3xd4 Kb8
17.Ra1c1 Qd6xd4
18.Qa4xd4 Rd8xd4
19.Kc2 Rd4c4
20.Kd3 Rc4xc1
21.Re1xc1 Rh8d8
22.Kc3 Rd8d6
23.Rc1e1 Rd6e6
24.Re1xe6 fxe6
25.Kd4 Kc8
26.Ke5 Kd7
27.f4 Ke7
28.g4 g6
29.b4 h5
30.h3 hxg4
31.hxg4 a6
32.f5 gxf5
33.gxf5 exf5
34.Kxf5 Kd6
35.Ke4 c5
36.a3 Kc6
37.Kd3 Kb5
38.bxc5 Kxc5
39.Kc3 Kb5
40.Kb3 b6
41.a4 Kc5
42.Kc3 a5
43.Kb3 Kd4
44.Kb2 Kc4
45.Ka3 Kc3
46.Ka2 Kb4
{ resign }
0-1

[Event "Match"]
[Site "www.echecsemail.com"]
[Date "2015.09.19"]
[Round "1"]
[White "Vinvangogh"]
[Black "Fres"]
[WhiteElo "1480"]
[BlackElo "1339"]
[Result "1-0"]
[Round "1"]
1.e4 e5
2.Ng1f3 Nb8c6
3.Bf1b5 d6
4.O-O Bc8d7
5.d4 Ng8e7
6.Nb1c3 Ne7g6
7.Bc1g5 Bf8e7
8.dxe5 Nc6xe5
9.Nf3d4 Be7xg5
10.Nc3d5  { time }
1-0

[Event "Match"]
[Site "www.echecsemail.com"]
[Date "2015.09.19"]
[Round "1"]
[White "Jjmcbride"]
[Black "Azorau"]
[WhiteElo "1880"]
[BlackElo "1910"]
[Result "0-1"]
[Round "1"]
1.e4 e5
2.d4 Nb8c6
3.dxe5 Nc6xe5
4.f4 Ne5c6
5.e5 b6
6.Bf1c4 Qd8h4
7.g3 Qh4e7
8.Ng1f3 Bc8b7
9.c3 O-O-O
10.O-O Nc6a5
11.Bc4d3 Qe7c5
12.Rf1f2 Ng8h6
13.b4 Qc5c6
14.Qd1e2 Nh6g4
15.Rf2f1 Bf8c5
16.bxc5 h5
17.h3 Ng4h6
18.cxb6 Qc6xb6
19.Bc1e3 Qb6e6
20.Nf3g5 Qe6e7
21.Bd3a6 Na5c6
 { time }
0-1

[Event "1/128 Finale"]
[Site "www.chess-mail.com"]
[Date "2015.09.19"]
[Round "1"]
[White "Jhw"]
[Black "Alessiov"]
[WhiteElo "1779"]
[BlackElo "1610"]
[Result "1-0"]
[Round "1"]
1.e4 e5
2.Ng1f3 Ng8f6
3.d4 exd4
4.Qd1xd4 Nb8c6
5.Qd4c4 Bf8b4
6.c3 Bb4e7
7.Bf1d3 d5
8.exd5 Qd8xd5
9.Bc1f4 Bc8e6
10.Nb1d2 Qd5d7
11.Qc4b5 a6
12.Qb5xb7 Ra8a7
13.Nf3e5 Ra7xb7
14.Ne5xd7 Kxd7
15.O-O Rh8b8
16.b4 Rb7a7
17.Nd2f3 Nf6d5
18.Bf4d2 Be7f6
19.Ra1c1 h6
20.a3 Ke8
21.Rf1e1 Nd5e7
22.Bd2e3 Ra7a8
23.Bd3e4 Rb8d8
24.Be3c5 Be6d5
25.Be4xd5 Rd8xd5
26.Re1e4  { time }
1-0

[Event "Tourn. n8337"]
[Site "www.chess-mail.com"]
[Date "2015.09.20"]
[Round "1"]
[White "Johnmcbride"]
[Black "Alessiov"]
[WhiteElo "1790"]
[BlackElo "1610"]
[Result "1-0"]
[Round "1"]
1.d4 f5
2.e3 Ng8f6
3.Bf1d3 e6
4.f4 c5
5.Ng1f3 d5
6.Nf3e5 Nb8c6
7.Ne5xc6 bxc6
8.O-O cxd4
9.exd4 Bf8d6
10.h3 Qd8b6
11.c3 c5
12.dxc5 Bd6xc5
13.Kh1 Nf6e4
14.Rf1f3 Ne4f2
15.Rf3xf2 Bc5xf2
16.b4  { time }
1-0

[Event "Tourn. n8306"]
[Site "www.chess-mail.com"]
[Date "2015.09.20"]
[Round "1"]
[White "Ericleo1980"]
[Black "Libiesse"]
[WhiteElo "1809"]
[BlackElo "2020"]
[Result "1-0"]
[Round "1"]
1.e4 c5
2.Ng1f3 e6
3.d4 cxd4
4.Nf3xd4 Ng8f6
5.Nb1c3 Bf8b4
6.e5 Bb4xc3
7.bxc3 Nf6d5
8.c4 Nd5e7
9.Nd4b5 O-O
10.f4 Nb8c6
11.Bc1e3 Ne7f5
12.Be3f2 a6
13.Nb5c3 Qd8c7
14.c5 f6
15.exf6 Rf8xf6
16.Qd1d2 e5
17.Nc3d5 Qc7d8
18.Nd5xf6 Qd8xf6
19.Bf1c4 Kh8
20.Ra1d1 e4
21.O-O Ra8b8
22.Rf1e1 d5
23.Qd2xd5 { resign }
1-0

[Event "Tourn. n8395"]
[Site "www.chess-mail.com"]
[Date "2015.09.20"]
[Round "1"]
[White "Fangshuo"]
[Black "Ffdd65"]
[WhiteElo "2140"]
[BlackElo "2240"]
[Result "1-0"]
[Round "1"]
1.e4 e5
2.Ng1f3 d6
3.d4 exd4
4.Nf3xd4 Ng8f6
5.Nb1c3 Qd8e7
6.Bc1g5 h6
7.Bg5xf6 Qe7xf6
8.Nc3d5 Qf6d8
9.Qd1f3 c6
10.Nd5f4 Bf8e7
11.Bf1c4 Be7f6
12.O-O-O O-O
13.Nf4h5 Bf6xd4
14.Rd1xd4 Bc8e6
15.Qf3g3 Qd8g5
16.Qg3xg5 hxg5
17.Bc4xe6 fxe6
18.Rd4xd6 Rf8xf2
19.Rd6xe6 Rf2xg2
20.Re6g6 Kh7
21.Rg6xg7 Kh6
22.Nh5f4 Rg2xc2
23.Kxc2 Kxg7
24.Nf4e6 Kf6
25.Ne6c7 { resign }
1-0

[Event "Tourn. n8371"]
[Site "www.chess-mail.com"]
[Date "2015.09.20"]
[Round "1"]
[White "Daquata"]
[Black "Passaroa25"]
[WhiteElo "1660"]
[BlackElo "1670"]
[Result "1-0"]
[Round "1"]
1.e4 c6
2.d4 d6
3.Ng1f3 f6
4.Nb1c3 Nb8d7
5.Bf1e2 Nd7b6
6.Bc1f4 e5
7.dxe5 dxe5
8.Qd1xd8 Kxd8
9.O-O-O Bc8d7
10.Bf4e3 Bf8d6
11.Rd1xd6 Kc7
12.Rh1d1 Ng8h6
13.Be3xb6 axb6
14.Rd6xd7 Kb8
15.Rd7xg7 Ka7
16.Rd1d7 Rh8b8
17.Rg7xh7 Nh6g4
18.Nc3d1 b5
19.h3 Rb8h8
20.hxg4 Ra8b8
21.Rd7xb7 Ka6
22.Rb7xb8 Rh8xb8
23.Rh7f7 Ka5
24.Rf7xf6 c5
25.Rf6e6 b4
26.Re6xe5 Rb8c8
27.g5 Ka4
28.b3 Ka3
29.g6 Kxa2
30.Re5e6 Ka1
31.Re6a6 
1-0

[Event "Tourn. n8370"]
[Site "www.chess-mail.com"]
[Date "2015.09.20"]
[Round "1"]
[White "Chtoubidou"]
[Black "Luban"]
[WhiteElo "1970"]
[BlackElo "2070"]
[Result "1-0"]
[Round "1"]
1.e4 c5
2.Nb1c3 a6
3.f4 e6
4.Ng1f3 h6
5.d3 d5
6.g3 Nb8c6
7.Bf1g2 dxe4
8.Nc3xe4 Ng8f6
9.O-O Bf8e7
10.Bc1e3 Nf6xe4
11.dxe4 O-O
12.c3 b5
13.Qd1c2 Bc8b7
14.Ra1d1 Qd8c7
15.Rd1d2 Nc6a5
16.b3 Na5c6
17.Rf1d1 Ra8d8
18.Nf3e1 Rd8xd2
19.Rd1xd2 Rf8d8
20.Rd2xd8 Qc7xd8
21.Qc2d3 Qd8a5
22.Qd3d7 Qa5b6
23.Qd7e8 Be7f8
24.b4 Qb6d8
25.Qe8xd8 Nc6xd8
26.bxc5 Bb7c6
27.Ne1d3 Nd8b7
28.Nd3b4 { resign }
1-0

[Event "Tourn. n8360"]
[Site "www.chess-mail.com"]
[Date "2015.09.20"]
[Round "1"]
[White "Gatrooper"]
[Black "Fres"]
[WhiteElo "1490"]
[BlackElo "1499"]
[Result "1-0"]
[Round "1"]
1.e4 e5
2.a3 Ng8f6
3.Nb1c3 Nb8c6
4.Ng1f3 d6
5.h3 Bf8e7
6.Bf1b5 Bc8d7
7.Bb5xc6 Bd7xc6
8.d3 O-O
9.Bc1g5 Nf6e8
10.Bg5e3 f5
11.exf5 Rf8xf5
12.d4 exd4
13.Nf3xd4 Rf5f7
14.Nd4e6 Qd8d7
15.Ne6f4 Be7g5
16.Nf4h5 Bg5xe3
17.fxe3 Qd7f5
18.Qd1e2 Ne8f6
19.Nh5g3 Qf5g6
20.e4 Qg6xg3
21.Kd1 Ra8e8
22.Rh1f1 d5
23.Kc1  { time }
1-0

[Event "Tourn. n8337"]
[Site "www.chess-mail.com"]
[Date "2015.09.20"]
[Round "1"]
[White "Alessiov"]
[Black "Bluetealeaf"]
[WhiteElo "1610"]
[BlackElo "1750"]
[Result "0-1"]
[Round "1"]
1.e4 e5
2.Ng1f3 Qd8f6
3.Nb1c3 c6
4.a3 d6
5.Bf1e2 Bc8e6
6.d4 Nb8d7
7.O-O h5
8.Bc1e3 Bf8e7
9.h3 Qf6g6
10.Kh1 h4
11.Qd1d2 Ng8h6
12.d5 cxd5
13.Nc3xd5 Ra8c8
 { time }
0-1

[Event "Tourn. n8345"]
[Site "www.chess-mail.com"]
[Date "2015.09.20"]
[Round "1"]
[White "Mrbabu"]
[Black "Ffdd65"]
[WhiteElo "2100"]
[BlackElo "2210"]
[Result "0-1"]
[Round "1"]
1.e4 e5
2.Ng1f3 Nb8c6
3.Bf1b5 d6
4.h3 Bc8d7
5.Nb1c3 Ng8f6
6.d3 h6
7.Bc1e3 a6
8.Bb5c4 b5
9.Bc4d5 Nf6xd5
10.Nc3xd5 Bd7e6
11.c4 Nc6e7
12.O-O Ne7xd5
13.cxd5 Be6d7
14.b4 Bf8e7
15.a3 O-O
16.Nf3d2 Be7g5
17.f4 exf4
18.Be3xf4 Bg5xf4
19.Rf1xf4 Qd8g5
20.Rf4f3 f6
21.Qd1e2 Ra8e8
22.Qe2f2 Rf8f7
23.Nd2b3 f5
24.Nb3d4 Re8f8
25.Ra1f1 g6
26.Nd4e6 Bd7xe6
27.dxe6 Rf7f6
28.exf5 Rf6xf5
29.Rf3xf5 Rf8xf5
30.Qf2e2 Rf5xf1
31.Qe2xf1 Qg5f5
32.Qf1e2 Qf5e5
33.Qe2g4 Qe5e1
34.Kh2 Qe1e5
35.g3 Qe5b2
36.Kg1 Qb2c1
37.Kg2 Qc1d2
38.Kg1 Qd2e1
39.Kg2 Qe1d2
40.Kf1 Qd2xd3
41.Kf2 Qd3d2
42.Kf1 Qd2d3
43.Ke1 Qd3e3
44.Kf1 Qe3c1
45.Kf2 Qc1c2
46.Ke1 Qc2c3
47.Kd1 Qc3d3
48.Ke1 Qd3c3
49.Kd1 Qc3d3
50.Ke1 Qd3f5
51.Qg4e2 Qf5e5
52.e7 Qe5xe2
53.Kxe2 Kf7
{ resign }
0-1

[Event "Tourn. n8355"]
[Site "www.chess-mail.com"]
[Date "2015.09.20"]
[Round "1"]
[White "Traub"]
[Black "Hundegana"]
[WhiteElo "1800"]
[BlackElo "1960"]
[Result "0-1"]
[Round "1"]
1.e4 d5
2.exd5 Qd8xd5
3.Nb1c3 Qd5d8
4.d4 Ng8f6
5.Ng1f3 Bc8g4
6.Bf1e2 a6
7.Nf3e5 Bg4xe2
8.Nc3xe2 Qd8d5
9.Ne2f4 Qd5e4
10.Bc1e3 g5
11.Nf4d3 Qe4xg2
12.Ke2 h6
13.Rh1g1 Qg2xh2
14.Ne5f3 Qh2d6
15.c4 b6
16.Qd1b3 Bf8g7
17.Nf3e5 Nb8d7
 { time }
0-1

[Event "Tourn. n8346"]
[Site "www.chess-mail.com"]
[Date "2015.09.20"]
[Round "1"]
[White "Alessiov"]
[Black "Mitja"]
[WhiteElo "1610"]
[BlackElo "1770"]
[Result "0-1"]
[Round "1"]
1.c4 d5
2.d4 dxc4
3.Qd1a4 c6
4.Qa4xc4 e6
5.Nb1d2 Ng8f6
6.Ng1f3 Nb8d7
7.g3 Nd7b6
8.Qc4c2 Nb6d5
9.a3 Bf8e7
10.Bf1g2 h6
11.O-O O-O
12.Rf1d1 Be7d6
13.e4 Nd5b6
14.e5 Bd6c7
15.exf6 Qd8xf6
16.Nd2e4 Qf6e7
17.Nf3e5 Nb6d5
18.Ne4c3 Nd5xc3
19.Qc2xc3 Rf8d8
20.Bc1f4 Bc7b6
21.Ne5c4 Bb6c7
22.Bf4xc7 Qe7xc7
23.b4 b5
24.Nc4e5 Bc8b7
25.Qc3c5 a6
26.Qc5e7 Qc7xe7
 { time }
0-1

[Event "Tourn. n8355"]
[Site "www.chess-mail.com"]
[Date "2015.09.20"]
[Round "1"]
[White "Traub"]
[Black "Bojan"]
[WhiteElo "1800"]
[BlackElo "1930"]
[Result "0-1"]
[Round "1"]
1.e4 e5
2.Ng1f3 Ng8f6
3.Nf3xe5 Qd8e7
4.d4 d6
5.Ne5f3 Nf6xe4
6.Bc1e3 d5
7.a3 h6
8.c4 Bc8e6
9.c5 c6
10.Nb1c3 Be6g4
11.Bf1e2 Nb8d7
12.O-O Ne4xc3
13.bxc3 b6
14.cxb6 axb6
15.h3 Bg4f5
16.g4 Bf5e4
17.Be3f4 Qe7f6
18.Bf4g3 Bf8e7
19.Nf3e5 Nd7xe5
20.Bg3xe5 Qf6g6
21.f3 Be4f5
 { time }
0-1

[Event "Tourn. n8328"]
[Site "www.chess-mail.com"]
[Date "2015.09.20"]
[Round "1"]
[White "Alessiov"]
[Black "Passaroa25"]
[WhiteElo "1610"]
[BlackElo "1640"]
[Result "0-1"]
[Round "1"]
1.e4 c6
2.Nb1c3 d6
3.h3 Bc8e6
4.Bf1e2 Nb8d7
5.a4 f6
6.Ng1f3 Be6f7
7.O-O e5
8.d4 Ng8e7
9.Bc1e3 Ne7g6
10.d5 Nd7b8
11.Be2c4 Bf8e7
12.dxc6 Nb8xc6
13.Bc4xf7 Kxf7
14.Qd1d5 Ke8
15.Qd5d3 O-O
16.Nc3d5 Kh8
17.Rf1d1 Qd8d7
18.c4 Be7d8
 { time }
0-1

[Event "Tourn. n8331"]
[Site "www.chess-mail.com"]
[Date "2015.09.20"]
[Round "1"]
[White "Jjmcbride"]
[Black "Alvarin111"]
[WhiteElo "1880"]
[BlackElo "1850"]
[Result "0-1"]
[Round "1"]
1.d4 c5
2.d5 Qd8c7
3.e4 d6
4.c3 Ng8f6
5.Bf1b5 Bc8d7
6.Bb5xd7 Nb8xd7
7.f3 e6
8.c4 Bf8e7
9.Ng1e2 Nd7e5
10.Ne2f4 Ne5xc4
11.Qd1a4 Nf6d7
12.Qa4xc4 O-O
13.dxe6 Nd7e5
14.Qc4d5 Ra8d8
15.O-O f6
16.Qd5b3 c4
17.Qb3c3 b5
18.b3 a5
19.Nf4d5 Qc7b7
20.Nd5xe7 Qb7xe7
21.f4 b4
22.Qc3g3 Ne5d3
23.f5 { time. }
0-1

[Event "Tourn. n8332"]
[Site "www.chess-mail.com"]
[Date "2015.09.20"]
[Round "1"]
[White "Azorau"]
[Black "Pariolinius"]
[WhiteElo "1910"]
[BlackElo "1990"]
[Result "0-1"]
[Round "1"]
1.e4 c5
2.Bf1c4 e6
3.Ng1f3 Nb8c6
4.d3 Bf8e7
5.b3 Qd8c7
6.Bc1b2 f6
7.Nb1c3 d6
8.d4 cxd4
9.Nc3b5 Qc7b6
10.Bb2xd4 Nc6xd4
11.Nf3xd4 Ng8h6
12.O-O O-O
13.Qd1d2 Kh8
14.a4 Nh6g4
15.a5 Qb6d8
16.Bc4xe6 a6
17.Nb5c3 Ng4e5
18.Be6d5 Ra8b8
19.f4 Ne5f7
20.Qd2d3 Bc8d7
21.Rf1f3 Bd7g4
22.Rf3g3 Nf7h6
23.Bd5e6 Bg4h5
24.Rg3h3 Bh5f7
25.Nc3d5 Kg8
26.Rh3xh6 gxh6
27.Qd3g3 Kh8
28.Nd4f5 Rf8g8
29.Qg3h4 Bf7xe6
30.Nd5xe7 Be6xf5
31.Qh4xf6 Rg8g7
32.exf5 Qd8xe7
33.Qf6d4 Rb8f8
34.f6 Qe7xf6
35.Qd4d1 Qf6xf4
36.Ra1a4 Qf4f2
{ resign }
0-1

[Event "Match"]
[Site "www.echecsemail.com"]
[Date "2015.09.20"]
[Round "1"]
[White "Daquata"]
[Black "Coraza8091"]
[WhiteElo "1660"]
[BlackElo "1659"]
[Result "1-0"]
[Round "1"]
1.e4 e5
2.Ng1f3 Nb8c6
3.Bf1c4 h6
4.d4 Ng8f6
5.Nb1c3 Qd8e7
6.O-O b6
7.dxe5 Nc6xe5
8.Nf3xe5 Qe7xe5
9.Nc3d5 c6
10.f4 Qe5b8
11.Nd5xf6 gxf6
12.Qd1h5 Rh8h7
13.Qh5f5 Rh7g7
14.Qf5xf6 b5
15.Bc4b3 Qb8b6
16.Kh1 Qb6a6
17.Qf6e5 Kd8
18.f5 b4
19.Bc1xh6 d6
20.Qe5f6 Ke8
21.Bh6xg7 Qa6b7
22.Bg7xf8 Kxf8
23.Qf6xd6 Ke8
24.Ra1d1 Bc8d7
25.Bb3xf7 Kxf7
26.Qd6xd7 Qb7xd7
27.Rd1xd7 Ke8
28.Rd7h7 O-O-O
29.Rh7xa7 Rd8d2
30.f6 { resign }
1-0

[Event "Match"]
[Site "www.echecsemail.com"]
[Date "2015.09.20"]
[Round "1"]
[White "Azorau"]
[Black "Castletyme"]
[WhiteElo "1529"]
[BlackElo "1890"]
[Result "1-0"]
[Round "1"]
1.e4 e6
2.Ng1f3 Nb8c6
3.Nb1c3 d6
4.g3 Ng8f6
5.Bf1g2 Bf8e7
6.O-O O-O
7.d4 Nf6d7
8.a3 Nd7b6
9.b3 a6
10.d5 exd5
11.exd5 Nc6e5
12.Bc1b2 Bc8g4
13.Nc3e4 Ne5xf3
14.Bg2xf3 Bg4xf3
15.Qd1xf3 Nb6xd5
16.Qf3g4 Nd5f6
17.Bb2xf6 Be7xf6
18.Ra1b1 b6
19.Rb1d1 Qd8e7
20.Rf1e1 Bf6e5
21.Ne4g5 Qe7f6
22.h4 Ra8e8
23.Qg4e4 g6
24.Qe4c6 Be5d4
25.Ng5h3 Re8xe1
26.Rd1xe1 Kg7
27.Nh3f4 Qf6f5
28.Qc6xc7 Rf8c8
29.Qc7xd6 Bd4xf2
30.Kxf2 Qf5xc2
31.Kf1 Qc2f5
32.Qd6d4 Kh6
33.Qd4e3 Qf5b5
34.Kg2 Rc8c2
35.Nf4e2 Kg7
36.Kg1 Rc2c5
37.a4 Qb5d7
38.b4 Rc5c6
39.Qe3e5 f6
40.Qe5f4 Rc6e6
41.Kf2 Re6d6
42.Ne2c3 Rd6d2
43.Re1e2 Rd2xe2
44.Nc3xe2 Qd7xa4
45.Qf4c7 Kh6
46.Qc7xb6 f5
47.Qb6e3 Kg7
48.Qe3e7 Kh6
49.Ne2f4 Qa4c2
50.Nf4e2 Qc2d3
51.Qe7f8 Kh5
52.Ne2f4 { resign }
1-0

[Event "Match"]
[Site "www.echecsemail.com"]
[Date "2015.09.20"]
[Round "1"]
[White "Llord"]
[Black "Pinehill"]
[WhiteElo "1900"]
[BlackElo "2000"]
[Result "0-1"]
[Round "1"]
1.e4 d5
2.exd5 Ng8f6
3.Nb1c3 g6
4.Ng1f3 Bf8g7
5.Bf1b5 Bc8d7
6.Bb5xd7 Nb8xd7
7.O-O O-O
8.d4 Nd7b6
9.Bc1g5 Nb6xd5
10.Nc3xd5 Nf6xd5
11.Rf1e1 Qd8d7
12.c4 Nd5b6
13.Re1xe7 Qd7f5
14.Re7xc7 Rf8e8
15.c5 Nb6d5
16.Rc7xb7 a5
17.c6 Ra8b8
18.Rb7xb8 Re8xb8
19.Ra1c1 Rb8xb2
20.c7 Qf5c8
21.Bg5d8 Rb2xa2
22.Qd1b3 Nd5b4
23.Rc1b1 Qc8f5
24.Rb1c1 Bg7xd4
25.Nf3xd4 Qf5xf2
{ resign }
0-1

[Event "Match"]
[Site "www.echecsemail.com"]
[Date "2015.09.20"]
[Round "1"]
[White "Fres"]
[Black "Cristiano"]
[WhiteElo "1339"]
[BlackElo "1980"]
[Result "0-1"]
[Round "1"]
1.Ng1f3 d6
2.d4 Ng8f6
3.Nb1c3 g6
4.Bc1g5 Nb8d7
5.Qd1d2 Bf8g7
6.Bg5h6 O-O
7.Bh6xg7 Kxg7
8.e3 a6
9.Bf1d3 c5
10.O-O b5
11.Nc3e4 Bc8b7
12.Ne4xf6 Nd7xf6
13.Bd3e2 Nf6e4
14.Qd2d1 f5
15.c3 f4
16.exf4 Rf8xf4
17.Qd1c1 Rf4f8
18.Qc1e3 c4
19.Nf3e1 Qd8d7
20.Be2f3 d5
21.Ne1c2 Rf8f7
22.Bf3xe4 dxe4
 { time }
0-1

[Event "Match"]
[Site "www.echecsemail.com"]
[Date "2015.09.20"]
[Round "1"]
[White "Glenno"]
[Black "Andychesston"]
[WhiteElo "2340"]
[BlackElo "2020"]
[Result "1-0"]
[Round "1"]
1.e4 e5
2.Ng1f3 Nb8c6
3.Bf1b5 d6
4.d4 a6
5.Bb5xc6 bxc6
6.dxe5 Bc8g4
7.exd6 Bf8xd6
8.O-O Ng8f6
9.Rf1e1 Bd6c5
10.Qd1xd8 Ra8xd8
11.Nf3e5 Rd8d1
12.Kf1 O-O
13.f3 Rd1xe1
14.Kxe1 Bg4d7
15.Bc1g5 Bc5d4
16.Ne5xd7 Nf6xd7
17.Nb1c3 Bd4xc3
18.bxc3 f6
19.Bg5f4 Nd7e5
20.Bf4xe5 fxe5
21.Ra1b1 Rf8f6
22.Rb1b8 Kf7
23.Rb8b7 Kg6
24.Rb7xc7 Kh6
25.Rc7e7 Rf6g6
26.g3 Rg6g5
27.Re7e6 g6
28.g4 Rg5xg4
29.fxg4 Kg5
30.Re6xe5 Kf4
31.Re5e7 h6
32.Re7e6 g5
33.Re6xc6 Kxe4
34.Rc6xa6 Kf4
35.h3 h5
36.gxh5 Kg3
37.h6 Kxh3
38.h7 g4
39.h8Q Kg3
40.Ra6f6 Kg2
41.Rf6f2 Kg3
42.Qh8h2 
1-0

[Event "Match"]
[Site "www.echecsemail.com"]
[Date "2015.09.20"]
[Round "1"]
[White "Fres"]
[Black "Vinvangogh"]
[WhiteElo "1499"]
[BlackElo "1480"]
[Result "0-1"]
[Round "1"]
1.d4 d5
2.Nb1c3 Ng8f6
3.e3 Bc8g4
4.Bf1e2 Bg4xe2
5.Ng1xe2 Nb8c6
6.O-O e5
7.dxe5 Nc6xe5
8.f4 Ne5g4
9.h3 Ng4h6
10.Ne2d4 Bf8c5
 { time }
0-1

[Event "Match"]
[Site "www.echecsemail.com"]
[Date "2015.09.20"]
[Round "1"]
[White "Norbos"]
[Black "Giupitre"]
[WhiteElo "1620"]
[BlackElo "1509"]
[Result "1-0"]
[Round "1"]
1.e4 Ng8f6
2.d3 Nb8c6
3.Ng1f3 e5
4.Nb1c3 Bf8c5
5.Bc1g5 h6
6.Bg5xf6 Qd8xf6
7.Qd1d2 O-O
8.Bf1e2 d6
9.Nc3d5  { time }
1-0

[Event "Match"]
[Site "www.echecsemail.com"]
[Date "2015.09.20"]
[Round "1"]
[White "Fres"]
[Black "Pinehill"]
[WhiteElo "1499"]
[BlackElo "1930"]
[Result "0-1"]
[Round "1"]
1.d4 Ng8f6
2.Nb1c3 e6
3.e4 Bf8b4
4.Bf1d3 d5
5.e5 Nf6e4
6.Ng1e2 Bb4xc3
7.bxc3 f5
8.Bd3xe4 dxe4
9.Bc1a3 Kf7
10.O-O Nb8c6
11.f3 exf3
12.Rf1xf3 Qd8g5
13.Rf3g3 Qg5h4
14.Qd1d2 Bc8d7
15.Rg3h3 Qh4d8
16.Ne2f4 g5
17.Nf4h5 Bd7e8
18.Nh5f6 Nc6xe5
19.Qd2xg5 Ne5c4
20.Qg5h5 Kxf6
21.Qh5h6 Be8g6
22.Ba3c1 Qd8d5
23.Qh6h4 Kf7
24.Qh4f4 e5
25.dxe5 Nc4xe5
26.Bc1e3 Rh8e8
27.Be3d4 Ne5g4
28.Ra1f1 c5
29.Qf4c7 Re8e7
30.Qc7xc5 Qd5xc5
 { time }
0-1

[Event "Match"]
[Site "www.echecsemail.com"]
[Date "2015.09.20"]
[Round "1"]
[White "Bojan"]
[Black "Emerchess"]
[WhiteElo "1950"]
[BlackElo "1299"]
[Result "1-0"]
[Round "1"]
1.e4 e6
2.d4 d5
3.exd5 exd5
4.c4 dxc4
5.Bf1xc4 Ng8f6
6.h3 Bc8f5
7.Ng1f3 Bf8d6
8.Bc1g5 O-O
9.O-O Nb8d7
10.Nb1c3 Qd8c8
11.Nf3h4 Nf6e4
12.Nh4xf5 Ne4xg5
13.Nc3b5 Bd6b4
14.a3 Bb4a5
15.Nf5e7 { resign }
1-0

[Event "1/64 Finale"]
[Site "www.chess-mail.com"]
[Date "2015.09.20"]
[Round "1"]
[White "Aggiesam"]
[Black "Bevittsmith"]
[WhiteElo "1490"]
[BlackElo "2260"]
[Result "0-1"]
[Round "1"]
1.e4 c5
2.Nb1c3 d6
3.d4 cxd4
4.Qd1xd4 a6
5.Bf1c4 Nb8c6
6.Qd4d5 Bc8e6
7.Qd5d3 Nc6e5
8.Qd3g3 Ne5xc4
9.Ng1f3 Ng8f6
10.O-O g6
11.b3 Nc4e5
12.Rf1d1 Ne5xf3
13.Qg3xf3 Be6g4
14.Qf3g3 Bg4xd1
15.Nc3xd1 Bf8g7
16.Qg3f3 Qd8c7
17.Nd1e3 Qc7c6
18.Ne3d5 Nf6xd5
19.exd5 Qc6xc2
20.Bc1b2 Bg7xb2
21.Ra1e1 Bb2e5
22.Qf3e2 Qc2xe2
23.Re1xe2 Ra8c8
24.g3 Rc8c1
25.Kg2 Kd7
26.Re2e4 Rh8c8
27.Re4h4 h5
{ resign }
0-1

[Event "Fast Game"]
[Site "www.echecsemail.com"]
[Date "2015.09.20"]
[Round "1"]
[White "Hennie4820"]
[Black "Stevep84"]
[WhiteElo "1840"]
[BlackElo "1970"]
[Result "0-1"]
[Round "1"]
1.e4 c6
2.d4 d5
3.Nb1d2 dxe4
4.Nd2xe4 Bc8f5
5.Ne4g3 Bf5g6
6.Bf1d3 Bg6xd3
7.Qd1xd3 Ng8f6
8.Ng1f3 e6
9.O-O Nb8d7
10.Bc1g5 h6
11.Bg5xf6 Nd7xf6
12.Ra1d1 Bf8d6
13.c4 O-O
14.d5 exd5
15.cxd5 Nf6xd5
16.a3 Qd8c7
17.Ng3f5 Ra8d8
18.Nf5xd6 Rd8xd6
19.Qd3e4 Rf8d8
20.Qe4h4 Nd5f6
21.Rd1c1 Qc7b6
22.Rc1c2 Rd6d3
23.Qh4c4 Rd3b3
24.Nf3e5 Nf6d5
25.Ne5d3 Nd5e3
26.fxe3 Rb3xd3
27.Qc4xf7 Kh8
28.h3 Qb6xe3
29.Kh1 Rd3d1
 { time }
0-1

[Event "Fast Game"]
[Site "www.echecsemail.com"]
[Date "2015.09.20"]
[Round "1"]
[White "Fkarpov"]
[Black "Hennie4820"]
[WhiteElo "1800"]
[BlackElo "1840"]
[Result "1-0"]
[Round "1"]
1.e4 c5
2.Ng1f3 e6
3.Bf1e2 Ng8f6
4.e5 Nf6d5
5.O-O Bf8e7
6.d4 cxd4
7.Qd1xd4 Nb8c6
8.Qd4g4 g6
9.Be2c4 Nd5b6
10.Bc1h6 Nb6xc4
11.Qg4xc4 a6
12.Nb1c3 b5
13.Qc4g4 Bc8b7
14.Ra1c1 Qd8c7
15.Qg4f4 Be7b4
16.Nf3g5 f5
17.Bh6g7 Rh8g8
18.Bg7f6 h6
19.Ng5h7 d5
20.Qf4xh6 Nc6xe5
21.Rf1e1 Bb4d6
22.Bf6xe5 Bd6xe5
23.Nh7g5 Be5f4
24.Re1xe6  { time }
1-0

[Event "Tourn. n8361"]
[Site "www.chess-mail.com"]
[Date "2015.09.21"]
[Round "1"]
[White "Gegonz"]
[Black "Mitja"]
[WhiteElo "1930"]
[BlackElo "1850"]
[Result "0-1"]
[Round "1"]
1.Ng1f3 d5
2.c4 dxc4
3.e3 e6
4.Bf1xc4 c6
5.d4 Nb8d7
6.Nb1c3 Nd7b6
7.Bc4d3 Ng8e7
8.O-O Ne7d5
9.e4 Nd5xc3
10.bxc3 Bf8e7
11.Qd1b3 O-O
12.Bc1e3 h6
13.c4 f5
14.d5 cxd5
15.Be3xb6 axb6
16.exf5 Ra8a3
17.Qb3c2 Be7f6
18.Ra1b1 Rf8e8
19.fxe6 Bc8xe6
20.Rf1d1 Ra3a8
21.cxd5 Be6xd5
22.Bd3c4 { time. }
0-1

[Event "Tourn. n8366"]
[Site "www.chess-mail.com"]
[Date "2015.09.21"]
[Round "1"]
[White "Comrade"]
[Black "Madz123456"]
[WhiteElo "2100"]
[BlackElo "2220"]
[Result "0-1"]
[Round "1"]
1.c4 e5
2.Nb1c3 Ng8f6
3.d3 d5
4.cxd5 Nf6xd5
5.Ng1f3 Nb8c6
6.e4 Nd5b6
7.a3 Bf8e7
8.Bc1e3 Bc8e6
9.Bf1e2 Nc6d4
10.Be3xd4 exd4
11.Nc3b5 c5
12.a4 O-O
13.Ra1c1 a6
14.Nb5a3 Nb6d7
 { time }
0-1

[Event "Tourn. n8364"]
[Site "www.chess-mail.com"]
[Date "2015.09.21"]
[Round "1"]
[White "Daquata"]
[Black "Julian"]
[WhiteElo "1660"]
[BlackElo "1820"]
[Result "1-0"]
[Round "1"]
1.e4 c5
2.Ng1f3 d6
3.d4 cxd4
4.Nf3xd4 Ng8f6
5.Nb1c3 a6
6.Bc1e3 e5
7.Nd4b3 Bc8e6
8.Qd1d2 d5
9.exd5 Nf6xd5
10.O-O-O Nb8c6
11.Nc3xd5 Nc6d4
12.Nb3xd4 exd4
13.Qd2xd4 b5
14.Nd5b6 Qd8xd4
15.Be3xd4 Bf8e7
16.Bd4xg7 Rh8g8
17.Bg7e5 Be7g5
18.f4 Bg5h6
19.Nb6xa8 f6
20.Na8c7 Kf7
21.Nc7xe6 Kxe6
22.Be5c7 Kf5
23.g4 Rg8xg4
24.Bf1h3 Bh6xf4
25.Bc7xf4 Kxf4
26.Rd1f1 { resign }
1-0

[Event "Tourn. n8357"]
[Site "www.chess-mail.com"]
[Date "2015.09.21"]
[Round "1"]
[White "Bojan"]
[Black "Falcoale"]
[WhiteElo "1920"]
[BlackElo "1930"]
[Result "1-0"]
[Round "1"]
1.e4 c5
2.Ng1f3 e6
3.d4 cxd4
4.Nf3xd4 a6
5.f4 Ng8f6
6.e5 Nf6d5
7.g3 b6
8.Bf1g2 Bc8b7
9.Qd1d3 Nd5b4
10.Qd3d2 Bb7xg2
11.Qd2xg2 Nb4c6
12.Bc1e3 Nc6xd4
13.Be3xd4 Nb8c6
14.Bd4e3 Ra8c8
15.a3 Bf8c5
16.Be3xc5 bxc5
17.Nb1d2 Nc6d4
18.Nd2c4 O-O
19.c3 Nd4b3
20.Ra1b1 a5
21.a4 f6
22.Qg2c2 Rc8b8
23.exf6 Qd8xf6
24.Nc4e5 Rf8d8
25.O-O Qf6f5
26.Qc2xf5 exf5
27.Rf1d1 Rb8b7
28.Rd1d5 d6
29.Ne5c4 g6
30.Rb1d1 Kg7
31.Nc4xd6 Rb7d7
32.Nd6xf5 gxf5
33.Rd5xd7 Rd8xd7
34.Rd1xd7 Kg6
35.Kf2 h6
36.Rd7d6 Kh7
37.Ke2 Kg7
38.Kd1 h5
39.h3 Nb3a1
40.Rd6b6 c4
41.Rb6b5 Na1b3
42.Rb5xf5 Kg6
43.Rf5b5 Kh6
44.Rb5xb3 { resign }
1-0

[Event "Tourn. n8357"]
[Site "www.chess-mail.com"]
[Date "2015.09.21"]
[Round "1"]
[White "Julian"]
[Black "Gegonz"]
[WhiteElo "1810"]
[BlackElo "1910"]
[Result "1-0"]
[Round "1"]
1.e4 e6
2.d4 Bf8e7
3.f4 Ng8f6
4.Bf1d3 d6
5.Ng1f3 O-O
6.c4 Bc8d7
7.Nb1c3 a6
8.e5 Nf6e8
9.O-O c5
10.Bc1e3 cxd4
11.Nf3xd4 dxe5
12.fxe5 Nb8c6
13.Nd4f3 Qd8c7
14.Be3f4 Ra8d8
15.Qd1e2 Be7c5
16.Kh1 Nc6d4
{ time. }
1-0

[Event "Tourn. n8357"]
[Site "www.chess-mail.com"]
[Date "2015.09.21"]
[Round "1"]
[White "Julian"]
[Black "Bojan"]
[WhiteElo "1810"]
[BlackElo "1920"]
[Result "0-1"]
[Round "1"]
1.e4 e5
2.Ng1f3 Nb8c6
3.Bf1b5 d6
4.d4 exd4
5.O-O Bc8d7
6.Rf1e1 Ng8e7
7.c3 dxc3
8.Nb1xc3 Bd7e6
9.Nc3d5 Be6g4
10.Qd1b3 Ra8b8
11.Nf3g5 a6
12.Nd5e3 Bg4e6
13.Ng5xe6 fxe6
14.Bb5e2 Nc6d4
15.Qb3a4 Ne7c6
16.Be2d1 e5
17.Ne3f5 Nd4xf5
18.exf5 Bf8e7
19.Bc1e3 Be7g5
20.Be3xg5 Qd8xg5
21.Bd1f3 Kd7
22.Ra1c1 Rh8c8
23.Bf3xc6 bxc6
24.Qa4xc6 Ke7
25.g3 Qg5xf5
26.f4 Rb8b6
27.Qc6xb6 cxb6
28.Rc1xc8 Qf5xc8
29.fxe5 Qc8c5
30.Kg2 dxe5
31.Kf3 Ke6
{ resign }
0-1

[Event "Tourn. n8357"]
[Site "www.chess-mail.com"]
[Date "2015.09.21"]
[Round "1"]
[White "Gegonz"]
[Black "Mitja"]
[WhiteElo "1910"]
[BlackElo "1810"]
[Result "0-1"]
[Round "1"]
1.Ng1f3 d5
2.c4 dxc4
3.e3 e6
4.Bf1xc4 c6
5.d4 Ng8f6
6.Nb1c3 Nb8d7
7.O-O Nd7b6
8.Bc4d3 Nb6d5
9.Bc1d2 Nd5xc3
10.bxc3 b6
11.c4 Bc8b7
12.e4 h6
13.e5 Nf6d7
14.Bd3e4 Ra8b8
15.Qd1b3 Qd8c7
16.Bd2c3 Bf8e7
17.Rf1d1 O-O
18.Ra1c1 c5
19.d5 exd5
20.cxd5 Qc7d8
21.e6 fxe6
22.d6 Bb7xe4
23.Qb3xe6 Rf8f7
24.Nf3e5 Nd7xe5
25.Bc3xe5 Be7xd6
26.Qe6xd6 Qd8xd6
27.Be5xd6 { time. }
0-1